000
00322nam a2200133Ia 4500
005
20260326235456.0
008
260326s9999||||xx |||||||||||||| ||und||
100
_a
Marotta, Antonello
245
0
_a
Daniel Libeskind /
_c
Antonello Marotta
260
_b
Edil Stampa
300
_a
191 p.
650
_a
ARQUITECTOS
942
_c
BK
999
_c
7932
_d
7932